| 000 | 00710nam a22002297a 4500 | ||
|---|---|---|---|
| 999 |
_c6631 _d6631 |
||
| 003 | AR-CdUCM | ||
| 008 | 190318b ||||| |||| 00| 0 spa d | ||
| 020 | _a84-7017-812-1 | ||
| 040 |
_aMUNICIPALIDAD PROVINCIAL DEL CUSCO _cBIBLIOTECA MUNICIPAL DEL CUSCO |
||
| 041 | _hfre | ||
| 082 |
_a030 / _bAR71 / 1987 |
||
| 100 |
_aVander, Jacques _918649 |
||
| 245 | _aYo sé todo sobre la historia / | ||
| 260 |
_aBarcelona : _bArgos Vergara, _c1987. |
||
| 300 |
_a152 páginas ; _bilustraciones ; _c28 cm. |
||
| 440 |
_aNueva enciclopedia juvenil _918650 |
||
| 650 |
_aHistoria _943964 |
||
| 650 |
_aCultura general _96239 |
||
| 700 |
_aBusquets, Esteban (traductor) _918651 |
||
| 942 |
_2ddc _cLIBROS |
||
| 945 | _azta | ||